Nitrification prevention and control in drinking water (Record no. 29118)
[ view plain ]
| 000 -LEADER | |
|---|---|
| fixed length control field | 01567nam a2200385 a 4500 |
| 082 04 - DEWEY DECIMAL CLASSIFICATION NUMBER | |
| Classification number | 628.1/662 |
| 245 00 - TITLE STATEMENT | |
| Title | Nitrification prevention and control in drinking water |
| 250 ## - EDITION STATEMENT | |
| Edition statement | 2nd ed. |
| 260 ## - PUBLICATION, DISTRIBUTION, ETC. (IMPRINT) | |
| Place of publication | Denver, Colo. : |
| Name of publisher | American Water Works Association, |
| Year of publication | c2013. |
| 300 ## - PHYSICAL DESCRIPTION | |
| Number of Pages | 1 online resource (xviii, 301 p.) : |
| Other physical details | ill. |
| 490 0# - SERIES STATEMENT | |
| Series statement | AWWA manual ; |
| 650 #0 - SUBJECT ADDED ENTRY--TOPICAL TERM | |
| Topical Term | Water |
| Topical Term | Water |
| Topical Term | Nitrification |
| Topical Term | Denitrification. |
| Topical Term | Drinking water |
| 856 40 - ELECTRONIC LOCATION AND ACCESS | |
| Uniform Resource Identifier | http://site.ebrary.com/lib/rucke/Doc?id=10717802 |
| 588 ## - | |
| -- | Description based on online resource; title from title page (ebrary, viewed July 2, 2013). |
No items available.
